000 00583nam a2200229Ia 4500
003 OSt
005 20220918201237.0
006 a|||||r|||| 00| 0
007 ta
008 220917b |||||||| |||| 00| 0 eng d
024 _a92,582
037 _cTextual
040 _aARTS
_cARTS
_beng
041 _2eng
_aeng
082 _aU8:281:N2, J3
100 _aForster E M
_910536
245 0 _aHill of Devi being letters from Dewas state senior
260 _c1953
650 _aGEOGRAPHY
942 _hU8:281:N2, J3
_cTEXL
_2CC
999 _c216233
_d216233